Telephone projects: for electronics exforts (Record no. 167834)

000 -LEADER
fixed length control field 00338nam a2200121Ia 4500
008 - FIXED-LENGTH DATA ELEMENTS--GENERAL INFORMATION
fixed length control field 220217s9999||||xx |||||||||||||| ||und||
082 ## - DEWEY DECIMAL CLASSIFICATION NUMBER
Classification number 621.385 7
100 ## - MAIN ENTRY--PERSONAL NAME
Personal name Bergquist, Carl, J
9 (RLIN) 1941
245 #0 - TITLE STATEMENT
Title Telephone projects: for electronics exforts
260 ## - PUBLICATION, DISTRIBUTION, ETC.
Place of publication, distribution, etc. BPB publications
Name of publisher, distributor, etc. New Delhi
Date of publication, distribution, etc. 2001
300 ## - PHYSICAL DESCRIPTION
Other physical details 99
650 ## - SUBJECT ADDED ENTRY--TOPICAL TERM
Topical term or geographic name entry element TELEPHONY
Holdings
Withdrawn status Lost status Damaged status Not for loan Collection code Home library Current library Shelving location Date acquired Full call number Barcode Date last seen Price effective from Koha item type
        Electronics and Communication Engineering Central Library Central Library Book Cart 02/18/2022 621.385 7 3023 02/18/2022 02/18/2022 Books

Powered by Koha